21st Century News - Statistics

General Stats
  • This quiz has been taken 43 times
  • The average score is 18 of 25
Answer Stats
Hint Answer % Correct
This country was invaded by Russia, again! 2022 Ukraine
100%
This man becomes President of the USA 2017 Donald Trump
98%
This virus evolves in China 2019 Covid 19
95%
The "King of Pop" died this year 2009 Michael Jackson
93%
This famous cathedral was reopened after a devastating fire in 2019 2024 Notre Dame
93%
This king was crowned in London 2023 Charles III
90%
This country won the FIFA World Cup for the fifth time 2002 Brazil
86%
This celestial body was demoted to dwarf status 2006 Pluto
86%
Al-Qaeda terrorists crash plane into .... Towers 2001 Twin
86%
South Africa becomes the first African country to hold this prestigious soccer event 2010 FIFA World Cup
83%
This hurricane devastated New Orleans 2005 Katrina
83%
This groundbreaking piece of technology was revealed by Steve Jobs 2007 iPhone
81%
This world world famous terrorist leader was killed in Pakistan 2011 Osama Bin Laden
81%
The people of the UK voted for this huge change of sovereignty 2016 Brexit
79%
This new pope is elected. 2013 Francis
79%
Long running TV show had its final episode, known as "The Last One" 2004 Friends
79%
"Bad Guy" won Record and Song of the Year for this artiste at the Grammy Awards 2020 Billy Eilish
76%
Which African country became independent in this year 2012 South Sudan
64%
The Winter Olympics are based here, on the Black Sea 2014 Sochi
55%
Shocking shooting happened at the French satirical weekly magazine Charlie ..... 2015 Hebdo
52%
Computer virus people were scared of called ... never happened 2000 Y2k
50%
The LHC had its opening in Switzerland. LHC stands for Large ...... Collider 2008 Hadron
43%
Famous country singer, "the Man in Black", died this year 2003 Johnny Cash
40%
The James .... Space telescope was launched 2021 Webb
38%
Netta from Israel won the Eurovision Song Contest with this song 2018 Toy
14%
No matching quizzes found
Score Distribution
Percent of People with Each Score
Percentile by Number Answered
Your Score History
You have not taken this quiz